000 00828nam a2200265Ia 4500
003 OSt
005 20220918175532.0
006 a|||||r|||| 00| 0
007 ta
008 220917b |||||||| |||| 00| 0 eng d
024 _a17,834
037 _cTextual
040 _aARTS
_cARTS
_beng
041 _2eng
_aeng
082 _aO111,1M19x, K5 (TTO)
100 _aWhitman Walt
245 0 _aLeaves of grass ed. by Harold W Blodgett and Sculley Bradley
260 _aNew York
_bNew University Press USA
_c1965
300 _alviii,768p.
_ccm.
650 _aENGLISH LITERATURE
700 _a Blodgett Harold W. Ed.
_916406
700 _a Bradley Sculley Ed.
_911256
942 _hO111,1M19x, K5 (TTO)
_cTEXL
_2CC
999 _c157995
_d157995